000 00308nam a2200109 a 4500
005 20210907142958.0
008 130828s2010 000 spa d
100 1 _aKury, Farid,
_d1962-
_933990
245 0 _aMinerva Mirabal la mariposa.
260 _aSanto domingo-- Centenario,
_c2010-- 98 p.
999 _c39999
_d39999
040 _aDO-SdBNP